书目信息 |
| 题名: |
钒氧化物的制备及其应用
|
|
| 作者: | 齐济 著 | |
| 分册: | ||
| 出版信息: | 北京 化学工业出版社 2017 |
|
| 页数: | 152页 | |
| 开本: | 24cm | |
| 丛书名: | ||
| 单 册: | ||
| 中图分类: | O614.51 | |
| 科图分类: | ||
| 主题词: | 钒--氧化物--制备 , 钒--氧化物--应用 | |
| 电子资源: | ||
| ISBN: | 978-7-122-28807-3 | |
| 000 | 01088nam0 2200241 450 | |
| 001 | 3514 | |
| 005 | 20180527163437.15 | |
| 010 | @a978-7-122-28807-3@dCNY49.00 | |
| 100 | @a20170427d2017 em y0chiy50 ea | |
| 101 | 0 | @achi |
| 102 | @aCN@b110000 | |
| 105 | @aa z 000yy | |
| 200 | 1 | @a钒氧化物的制备及其应用@9fan yang hua wu de zhi bei ji qi ying yong@dPreparation of vanadium oxides as well as application@f齐济著@zeng |
| 210 | @a北京@c化学工业出版社@d2017 | |
| 215 | @a152页@c图@d24cm | |
| 330 | @a本书以钒氧化物为核心,对不同价态钒氧化物的物理化学性质进行了介绍;在理论研究的基础上,详述了钒氧化物制备过程的热力学计算方法;在实验优化的基础上,对低价钒氧化物的粉体的制备工艺与产物表征结果进行了阐述;在实验探索的基础上,介绍了钒氧化物在玻璃体中和玻璃表面上的应用性质。另外,还对钒氧化物的已有应用及潜在应用领域进行了概述。 | |
| 510 | 1 | @aPreparation of vanadium oxides as well as application@zeng |
| 606 | 0 | @a钒@x氧化物@x制备 |
| 606 | 0 | @a钒@x氧化物@x应用 |
| 690 | @aO614.51@v5 | |
| 701 | 0 | @a齐济@9qi ji@4著 |
| 801 | 0 | @aCN@b91MARC@c20170427 |
| 905 | @aMuseLib@dO614.51@e19 | |
| 钒氧化物的制备及其应用=Preparation of vanadium oxides as well as application/齐济著.-北京:化学工业出版社,2017 |
| 152页:图;24cm |
| ISBN 978-7-122-28807-3:CNY49.00 |
| 本书以钒氧化物为核心,对不同价态钒氧化物的物理化学性质进行了介绍;在理论研究的基础上,详述了钒氧化物制备过程的热力学计算方法;在实验优化的基础上,对低价钒氧化物的粉体的制备工艺与产物表征结果进行了阐述;在实验探索的基础上,介绍了钒氧化物在玻璃体中和玻璃表面上的应用性质。另外,还对钒氧化物的已有应用及潜在应用领域进行了概述。 |
| ● |
| 相关链接 |
|
|
|
|
正题名:钒氧化物的制备及其应用
索取号:O614.51/19
 
预约/预借
| 序号 | 登录号 | 条形码 | 馆藏地/架位号 | 状态 | 备注 |
| 1 | 1109504 | 211095045 | 第二样本阅览室/ [索取号:O614.51/19] | 在馆 | |
| 2 | 1109505 | 211095054 | 教育系资料室/ [索取号:O614.51/19] | 在馆 | |
| 3 | 1109506 | 211095063 | 教育系资料室/ [索取号:O614.51/19] | 在馆 | |
| 4 | 1109507 | 211095072 | 第三借阅区/ [索取号:O614.51/19] | 在馆 |